| 000 | 00594ntm a22002177a 4500 | ||
|---|---|---|---|
| 005 | 20230421152224.0 | ||
| 008 | 170602b2008 xxu||||| |||| 00| 0 spa d | ||
| 041 | _aESP | ||
| 082 | _aR 603 D545d | ||
| 245 | _aDiccionario ilustrado de las ciencias y la tecnología | ||
| 260 | _aEspaña | ||
| 260 | _bOcéano | ||
| 260 | _c2008 | ||
| 300 | _a657 páginas | ||
| 505 | _aContiene disco compacto N° 546 | ||
| 505 | _aContiene disco compacto con enciclopedia interactiva | ||
| 650 |
_aDICCIONARIOS _974630 |
||
| 650 |
_aCIENCIA _974631 |
||
| 650 |
_aTECNOLOGÍA _974632 |
||
| 942 | _cREF | ||
| 999 |
_c12275 _d12275 |
||